000 00290nam a22001337a 4500
008 210311b ||||| |||| 00| 0 eng d
041 _aeng
080 _27th
_a32
082 _a32
100 _a19
101 _aSHP
245 _aIdeals And Ideologies A Reader
_cBall,T
942 _2udc
_cBK
999 _c56337
_d56337